| 000 | 00525nam a2200193Ia 4500 | ||
|---|---|---|---|
| 008 | 191130s2009##################000#0#eng## | ||
| 020 | _a9781591027362 | ||
| 022 | _a2008054561 | ||
| 040 |
_aACL _cACL |
||
| 082 | _a813.6 ENG | ||
| 100 | _aEnge, James | ||
| 245 |
_aBlood of Ambrose _cJames Enge |
||
| 260 |
_aAmherst, NY _bPyr _cc2009 |
||
| 300 | _a401 p. ; 24 cm | ||
| 650 | _aAmbrosius, Morlock (Fictitious character) - Fiction | ||
| 990 | _a78592146ac10000c1207e7f7bfca89ac | ||
| 991 | _a318304 | ||
| 999 |
_c117656 _d117656 |
||